00537nam a2200169Ia 4500003000900000008004100009020001800050040001600068080001700084100002000101245011300121260003400234300001500268650002500283650003900308700002000347IN-BaIIA211028s9999 xx 000 0 eng d a0-12-511905-4 cIIA Library a519.682bMUR aMurray, W. H.  0aVisual basic 5 training guidecW. H. Murray and C. H. Pappas  aBostonbAP Professionalc1997 axiv, 525p. aComputer programming aVisual Basic, Programming language aPappas, C. H.